|
|
|
|
| LEADER |
01150nam a2200301 a 4500 |
| 001 |
2998661 |
| 008 |
100107s1994 vau b 001 0 eng d |
| 010 |
|
|
|a 93044077
|
| 020 |
|
|
|a 8185604037
|
| 020 |
|
|
|a 081391521X
|
| 020 |
|
|
|a 0813915228 (pbk.)
|
| 040 |
|
|
|a DLC
|c DLC
|d DLC
|d BD-DhAAL
|
| 082 |
0 |
0 |
|a 305.42/0954
|2 20
|
| 245 |
0 |
0 |
|a Women as subjects :
|b South Asian histories /
|c edited by Nita Kumar.
|
| 260 |
|
|
|a Charlottesville :
|b University Press of Virginia,
|c 1994.
|
| 300 |
|
|
|a 239 p. ;
|c 24 cm.
|
| 490 |
0 |
|
|a Feminist issues : practice, politics, theory
|
| 504 |
|
|
|a Includes bibliographical references and index.
|
| 541 |
1 |
|
|e 00005448
|
| 650 |
|
0 |
|a Women
|z India
|x Social conditions.
|
| 650 |
|
0 |
|a Women
|z India
|x Economic conditions.
|
| 650 |
|
0 |
|a Women's rights
|z India.
|
| 650 |
|
0 |
|a Feminism
|z India.
|
| 700 |
1 |
|
|a Kumar, Nita,
|d 1951-
|
| 830 |
|
0 |
|a Feminist issues (Charlottesville, Va.)
|
| 852 |
4 |
|
|a Ayesha Abed Library
|j General shelf
|
| 999 |
|
|
|c 6782
|d 6782
|
| 952 |
|
|
|0 0
|1 0
|2 ddc
|4 0
|6 305_420954000000000_WOM_1994
|7 0
|9 6971
|a BRACUL
|b BRACUL
|c GEN
|d 2010-01-07
|g 150.00
|l 1
|o 305.420954 WOM
|p 3010005448
|r 2025-11-16
|s 2025-11-09
|t 1
|w 2010-01-07
|y BK
|